000 00755cam a22002653a 4500
001 5420
003 PGUSA
005 20140828083120.0
008 040401s2004||||xxu|||||s|||||000 | eng d
040 _aPGUSA
_beng
042 _adc
050 4 _aPR
050 4 _aCT
100 1 _aBrown, John,
_d1810-1882
245 1 0 _aRab and His Friends
_h[electronic resource] /
_cJohn Brown
260 _bProject Gutenberg,
_c2004
506 _aPublic domain in the USA.
516 _aElectronic text
653 _aDogs -- Folklore
653 _aAuthors, English -- 19th century -- Biography
653 _aBrown, John, 1810-1882 -- Childhood and youth
830 0 _aProject Gutenberg
_v5420
856 4 0 _uhttp://www.gutenberg.org/ebooks/5420
942 _cEB
999 _c234749
_d234749